|
|
|
|
| LEADER |
00000nab a2200000 a 4500 |
| 001 |
vtls000369414 |
| 003 |
SK-MaSNL |
| 005 |
20260305012210.0 |
| 008 |
230120c1990 xo 0 slo |
| 015 |
|
|
|a SNBRB19rr/mm-uuuuu
|
| 035 |
|
|
|a CL0369536
|
| 035 |
|
|
|a urn:nbn:sk:snk-ab1vns
|
| 035 |
|
|
|a (urnnbn)urn:nbn:sk:snk:ar-a0134n
|
| 035 |
|
|
|a (uuid)e68eb211-536c-4242-9e7e-c782cbd458d0
|
| 040 |
|
|
|a SNKBUCL
|b slo
|c SNKBUCL
|e AACR2
|
| 041 |
0 |
|
|a slo
|
| 044 |
|
|
|a xo
|c SK
|
| 080 |
|
|
|a 78.071.2:792.5
|2 1981
|
| 080 |
|
|
|a 792.5
|2 1981
|
| 080 |
|
|
|a 929 Margita, Štefan
|2 1981
|
| 100 |
1 |
|
|a -uy-
|4 aut
|9 928226
|
| 245 |
1 |
0 |
|a Úspešný Štefan Margita
|c -uy-
|
| 300 |
|
|
|b Obr. 1.
|
| 600 |
1 |
7 |
|a Margita, Štefan,
|d 1956-
|2 snkbucl
|9 107245
|
| 648 |
|
7 |
|a 1989
|2 snkbucl
|9 276934
|
| 651 |
|
7 |
|a Rakúsko
|2 snkbucl
|9 18533
|
| 651 |
|
7 |
|a Nemecko
|2 snkbucl
|9 21020
|
| 655 |
|
7 |
|a články z novín a časopisov
|2 snkbucl
|9 267496
|
| 773 |
0 |
|
|t Hudobný život
|g Roč. 22, č. 2 (1990), s. 7
|
| 850 |
|
|
|a Slovenská národná knižnica v Martine
|a MTA001
|
| 852 |
|
|
|a SNK
|b KIS3GCP
|
| 954 |
|
|
|a odborná, vedecká literatúra pôvodná (slovenská)
|2 lita
|
| 958 |
|
|
|a OND
|
| 958 |
|
|
|a BX
|
| 958 |
|
|
|a RK
|
| 958 |
|
|
|a EUIPO
|
| 958 |
|
|
|a article27
|
| 992 |
|
|
|a RBX
|
| 999 |
|
|
|c 3256350
|d 3258280
|